000 00279nam a2200121Ia 4500
008 190216s9999||||xx |||||||||||||| ||und||
100 _aRajendra Mishra
245 0 _aHindi-Sampark Bhasha Aur Lipi
260 _bDisha Prakashan
300 _a136
650 _aHindi
942 _cBK
999 _c16462
_d16462